000 00489nam a2200193Ia 4500
005 20250425161402.0
008 250425s9999 xx 000 0 und d
041 _aspa
082 _a330.122
245 0 _aCASOS PRACTICOS DE E. DE LA EMPRESA
250 _a1A ED.
260 _aEstados Unidos
_bS.E.
260 _aS.L.
300 _a298
500 _aLIBRO INGRESADO POR ERROR NO LLEGO A LA BIBLIOTECA ESPAE
650 _aECONOMIA DE LA EMPRESA
942 _c01
010 _a19099
999 _c208173
_d208173